[Event "AUT-chT2W 9495"]
[Site "Austria"]
[Date "1995.??.??"]
[Round "?.6"]
[White "Lochner, Herbert"]
[Black "Spiegel, Manfred"]
[Result "0-1"]
[WhiteElo "1840"]
[BlackElo "1905"]

1.Nf3 d5 2.g3 c5 3.Bg2 Nf6 4.O-O Nc6 5.d3 g6 6.Nbd2 Bg7 7.Re1 O-O 8.e4 e5
9.a3 h6 10.Rb1 dxe4 11.dxe4 Qe7 12.c3 Be6 13.Qa4 a6 14.c4 Rfb8 15.Nf1 b5
16.cxb5 axb5 17.Qc2 b4 18.Ra1 c4 19.Bd2 bxa3 20.bxa3 Rxa3 21.Bc3 Nd7 22.Ne3 Nd4
23.Bxd4 exd4 24.Rxa3 Qxa3 25.Nxc4 Qc3 26.Qxc3 dxc3 27.Ne3 Ne5 28.Nxe5 Bxe5
29.Rc1 Ba2 30.Bf1 Rb1 31.Rc2 Bb3 32.Re2 Bd4 33.Nc2 Bc5 34.Kg2 Rb2 35.Na1 Bc4
36.Rc2 Bxf1+ 37.Kxf1 Rb1+ 38.Kg2 Rxa1 39.Rxc3 Bd4 40.Rd3 Ba7 41.Rd2 Kg7 42.f4 Bc5
43.Rc2 Ba3 44.e5 Rb1 45.Rc3 Bb4 46.Rc2 Rd1 47.Rc4 Ba5 48.Rc5 Rd2+ 49.Kh3 Bb6
50.Rc1 Be3 51.Re1 Bd4 52.Rb1 Rf2 53.Rd1 Be3 54.Rd3 Bxf4 55.gxf4 Rxf4 56.Kg3 Re4
57.Rd5 Kf8 58.Kf3 Ra4 59.Rd7 Ra5 60.Kf4 Ra2 61.h3 Ra4+ 62.Kf3 Ke8 63.Rb7 Ra3+
64.Kg4 Re3 65.Rb5 Rd3 66.h4 Rd4+ 67.Kg3 h5 68.Rb7 Re4 69.Rb5 Ke7 70.Ra5 Ke6
71.Ra7 Rxe5  0-1

[Event "AUT-chT"]
[Site "?"]
[Date "1995.??.??"]
[Round "?"]
[White "Grillitsch, Karl"]
[Black "Donev, Ivo Hristov"]
[Result "1/2-1/2"]
[WhiteElo "2275"]
[BlackElo "2375"]

1.Nf3 d5 2.g3 Nf6 3.Bg2 e6 4.O-O Be7 5.c4 O-O 6.b3 b6 7.Bb2 Bb7 8.e3 c5 9.d3 Nc6
10.Qe2 Qc7 11.Nc3 Rad8 12.Rfd1 Qb8 13.cxd5 Nxd5 14.Nxd5 Rxd5 15.d4 cxd4 16.Nxd4 Nxd4
17.Bxd4 Rd7 18.Qg4 g6 19.Bb2 Rfd8 20.Rxd7 Rxd7 21.Rd1 h5 22.Qe2 Qd8 23.Rxd7 Qxd7
24.Bxb7 Qxb7 25.Qb5 Qc8 26.Qa4 Qd8 27.Qxa7 Qd1+ 28.Kg2 Qd5+ 29.Kg1 Qd1+ 30.Kg2 Qd5+  1/2-1/2

[Event "AUT-chT2O 9495"]
[Site "?"]
[Date "1995.??.??"]
[Round "?"]
[White "Humer, Wolfgang"]
[Black "Schuh, Franz"]
[Result "1-0"]
[WhiteElo "2260"]
[BlackElo "2310"]

1.g3 d5 2.Nf3 c5 3.c4 Nf6 4.cxd5 Nxd5 5.Nc3 Nc6 6.Bg2 Nc7 7.d3 e5 8.O-O Be7
9.Nd2 Bd7 10.Nc4 f6 11.f4 O-O 12.a4 Rb8 13.Be3 b5 14.axb5 Nxb5 15.Nxb5 Rxb5
16.Ra6 Qc7 17.Qa4 Rfb8 18.fxe5 fxe5 19.Bd5+ Kh8 20.Rf7 Nb4 21.Rxa7 R5b7 22.Rxb7 Rxb7
23.Qxb4 Rxb4 24.Rxe7 Qd8 25.Bxc5 Rb5 26.Nxe5 Qxe7 27.Bxe7 Rxd5 28.Nxd7 Rxd7
29.Bc5 Kg8 30.d4 Kf7 31.e4 Ke6 32.Kf2 Rf7+ 33.Ke2 g5 34.b4 g4 35.Kd3 Rf1
36.d5+ Ke5 37.Bd4+ Kd6 38.Kc4 Rc1+ 39.Bc3 Rc2 40.e5+ Kc7 41.Kd3 Rxh2 42.e6 Kd6
43.Be5+ Ke7 44.b5 Rh1 45.b6 Rb1 46.Bc7 h5 47.Ke4 Rb5 48.Kf4 Rb1 49.Kf5 Rb5
50.Kg6 h4 51.gxh4 g3 52.Bxg3 Rxb6 53.h5 Rb3 54.Bh4+ Kd6 55.e7 Kd7 56.Kf7 Rf3+
57.Bf6 Re3 58.h6  1-0

[Event "AUT-chT2S 9495"]
[Site "?"]
[Date "1995.??.??"]
[Round "7"]
[White "Ebner, Walter"]
[Black "Hoffmann, Erich"]
[Result "1-0"]
[WhiteElo "2235"]
[BlackElo "2070"]

1.Nf3 d5 2.g3 Bg4 3.Bg2 Nd7 4.d3 c6 5.O-O e6 6.b3 f5 7.Bb2 Ngf6 8.Nbd2 Bd6
9.Qe1 O-O 10.h3 Bxf3 11.Bxf3 Qb6 12.e3 Be5 13.d4 Bd6 14.c4 Bb4 15.Qe2 Bxd2
16.Qxd2 Ne4 17.Qc2 Rf6 18.Ba3 Qa5 19.Be7 Rf7 20.Bxe4 Rxe7 21.Bg2 g6 22.cxd5 exd5
23.b4 Qd8 24.b5 Rc8 25.Rfc1 Nb6 26.bxc6 Rxc6 27.Qb3 Rec7 28.Rxc6 bxc6 29.Rc1 Kg7
30.Qb4 Qf8 31.Qa5 Qe7 32.Bf1 Nc8 33.Bg2 Nb6 34.Rc5 Qd7 35.a4 Nc4 36.Qc3 Kf6
37.Kh2 Ke6 38.h4 h5 39.e4 Ke7 40.exd5  1-0

[Event "AUT-chT2S 9596"]
[Site "AUT"]
[Date "1995.??.??"]
[Round "?"]
[White "Frosch, Erich"]
[Black "Reschun, Sascha"]
[Result "0-1"]
[WhiteElo "2265"]
[BlackElo "2235"]

1.Nf3 d5 2.g3 Nf6 3.Bg2 Bf5 4.O-O e6 5.c4 c6 6.b3 Nbd7 7.Bb2 Be7 8.d3 h6
9.Nc3 O-O 10.Nd2 a5 11.e4 dxe4 12.dxe4 Bg6 13.Na4 e5 14.Qe2 Bh5 15.Bf3 Bg6
16.Rac1 b6 17.Rfd1 Qc7 18.Nf1 Rfe8 19.Qc2 Nc5 20.Nxc5 Bxc5 21.Ne3 Bxe3 22.fxe3 c5
23.Rd2 Re6 24.Rcd1 Rae8 25.a3 Qb7 26.Rd5 Nxd5 27.cxd5 Rd6 28.Qc4 Qd7 29.Kg2 f6
30.a4 Rb8 31.Be2 Be8 32.Ba3 Kh8 33.Rc1 Bf7 34.Bf3 f5 35.Rd1 Rd8 36.exf5 Bxd5
37.Rxd5 Rxd5 38.Bc1 Rd6 39.e4 Rd4 40.Qa6 Qc6 41.Qa7 Rd3 42.Qe7 Qd6 43.Qh4 Rc3
44.Bg5 Rf8 45.Be7 Qd2+ 46.Kh3 Rxf3 47.Bxf8 Qg5 48.Qxg5 hxg5 49.Kg4 Rxb3 50.Kxg5 Kg8
51.Bd6 Rb4 52.Bxe5 Rxe4 53.Bc7 Rxa4 54.Bxb6 c4 55.Bd4 Kf7 56.g4 Ra3 57.h4 Rd3
58.Be5 c3 59.Kh5 c2 60.Bb2 Rb3  0-1

[Event "AUT-chT2S 9596"]
[Site "AUT"]
[Date "1995.??.??"]
[Round "?"]
[White "Supancic, Darko"]
[Black "Perhinig, Robert"]
[Result "1-0"]
[WhiteElo "2405"]
[BlackElo "2235"]

1.Nf3 d5 2.g3 c5 3.Bg2 Nc6 4.O-O e5 5.d3 f6 6.Nbd2 Be6 7.c3 Qd7 8.e4 Nge7
9.a3 d4 10.cxd4 cxd4 11.b4 g5 12.Nc4 Ng6 13.b5 Nd8 14.a4 Be7 15.Ne1 g4 16.f4 gxf3
17.Bxf3 Nf7 18.Ra2 O-O 19.Raf2 Rac8 20.h4 Nd6 21.Nxd6 Qxd6 22.Bh6 Rf7 23.Bg4 Qd7
24.Bf5 Bf8 25.Bd2 Bxf5 26.Rxf5 Bg7 27.Bb4 a6 28.bxa6 bxa6 29.Nf3 Rc7 30.h5 Rb7
31.Be1 Qe6 32.Nh2 Ne7 33.R5f2 f5 34.exf5 Qd5 35.f6 Bxf6 36.Rxf6 Rb2 37.R6f2  1-0

[Event "AUT-chT2O 9596"]
[Site "AUT"]
[Date "1995.??.??"]
[Round "1"]
[White "Weber, Gerold"]
[Black "Plank, Franz"]
[Result "1-0"]
[WhiteElo "2350"]
[BlackElo "2270"]

1.Nf3 d5 2.g3 g6 3.Bg2 Bg7 4.O-O e5 5.d3 Nc6 6.Nbd2 Nf6 7.e4 dxe4 8.dxe4 O-O
9.c3 a5 10.a4 b6 11.Re1 Ba6 12.Bf1 Bxf1 13.Kxf1 Qd3+ 14.Qe2 Rfd8 15.Qxd3 Rxd3
16.Re2 Bh6 17.Ne1 Rd7 18.Nb3 Bxc1 19.Rxc1 Rad8 20.f3 Kf8 21.Rec2 Ne8 22.Ng2 Rd1+
23.Ke2 Rxc1 24.Rxc1 Nd6 25.Ne3 f5 26.Nd2 Kf7 27.exf5 gxf5 28.g4 Ke6 29.gxf5+ Nxf5
30.Nxf5 Kxf5 31.Rg1 Rd7 32.h4 Nd8 33.Rg5+ Kf6 34.Ne4+ Ke6 35.Rh5 Rg7 36.Rh6+ Kf7
37.Ng5+ Kg8 38.b4 Nf7 39.Nxf7 Rxf7 40.b5 Kf8 41.Rh5 Rf4 42.Rxh7 Rxa4 43.Rxc7 Rxh4
44.Rc6 e4 45.fxe4 Rxe4+ 46.Kd3 Rh4 47.Rxb6 Ke7 48.Rc6 Kd7 49.c4 Rg4 50.Kc3 Rh4
51.Kb3 Rh1 52.Ra6 Rb1+ 53.Kc3 Ra1 54.Kb2 Ra4 55.Kc3 Ra1 56.Kd4 Kc7 57.Kc5 Rh1
58.Rxa5 Kb7 59.Ra2 Rh5+ 60.Kb4 Rh4 61.Rg2 Kb6 62.Rg6+ Kc7 63.b6+ Kb7 64.Kb5 Rh1
65.Rg7+ Kb8 66.c5 Rh5 67.Rd7 Rg5 68.Kc6 Rg6+ 69.Rd6 Rg8 70.Re6 Rh8 71.Kd6 Rd8+
72.Ke5 Kb7 73.Re7+ Kb8 74.c6 Rh8 75.Kd5 Rh5+ 76.Kc4 Rh8 77.Kb5  1-0

[Event "AUT-chT2O 9596"]
[Site "AUT"]
[Date "1995.??.??"]
[Round "2"]
[White "Eisterer, Heinrich"]
[Black "Dobias, Richard"]
[Result "1/2-1/2"]
[WhiteElo "2340"]
[BlackElo "2205"]

1.Nf3 d5 2.g3 c6 3.Bg2 Bg4 4.c4 e6 5.cxd5 exd5 6.O-O Nf6 7.d3 Be7 8.b3 O-O
9.Bb2 Nbd7 10.Nbd2 a5 11.a3 Nc5 12.h3 Bh5 13.g4 Bg6 14.Nd4 Qb6 15.N2f3 Rfe8
16.Ne5 Bd6 17.Nxg6 hxg6 18.Qc2 Be5 19.Rab1 Ne6 20.Nxe6 Rxe6 21.Bxe5 Rxe5
22.b4 Re7 23.Bf3 axb4 24.Rxb4 Qa5 25.Rfb1 Qxa3 26.Rxb7 Rxb7 27.Rxb7 Qd6 28.Rb6 Rc8
29.Ra6 Nd7 30.d4 Nf8 31.e3 Ne6 32.Bg2 Qd7 33.Qa4 Qb7 34.Qa2 Rd8 35.Ra7 Qb4
36.Ra4 Qb6 37.Ra6 Qb7 38.Ra7 Qb4 39.Qe2 Qb1+ 40.Qf1 Qb6 41.Qa1 Qb4 42.Ra4 Qb6
43.h4 c5 44.dxc5 Qxc5 45.Ra8 Qd6 46.Qa5 d4 47.Rxd8+ Nxd8 48.Qd5 Qxd5 49.Bxd5 dxe3
50.fxe3 Kf8 51.Kf2  1/2-1/2

[Event "AUT-chT2O 9596"]
[Site "AUT"]
[Date "1995.??.??"]
[Round "4"]
[White "Weiss, Christian"]
[Black "Haba, Petr"]
[Result "0-1"]
[WhiteElo "2290"]
[BlackElo "2455"]

1.Nf3 d5 2.g3 Nf6 3.Bg2 c6 4.O-O Bf5 5.c4 e6 6.b3 h6 7.Bb2 Be7 8.d3 O-O 9.Nbd2 Nbd7
10.Qc2 Bh7 11.a3 a5 12.e4 dxe4 13.Nxe4 Nxe4 14.dxe4 Nc5 15.Nd4 Qb6 16.Rae1 Rfd8
17.Re3 Bg5 18.Re2 Bf6 19.Rd1 e5 20.Nf3 Qxb3 21.Qxb3 Nxb3 22.Rb1 Nd4 23.Bxd4 exd4
24.Ne1 d3 25.Rd2 Rd4 26.Rxb7 Bxe4 27.c5 Bxg2 28.Kxg2 Re8 29.Kf1 Bg5 30.f4 Bxf4  0-1

[Event "AUT-chT2O 9596"]
[Site "AUT"]
[Date "1995.??.??"]
[Round "5"]
[White "Tkaczuk, Rainer"]
[Black "Hiermann, Dietmar"]
[Result "1/2-1/2"]
[WhiteElo "2235"]
[BlackElo "2130"]

1.Nf3 d5 2.g3 c6 3.Bg2 Bg4 4.h3 Bh5 5.d3 Nd7 6.O-O Ngf6 7.Nc3 e5 8.Bd2 Be7
9.e4 dxe4 10.Nxe4 Nxe4 11.dxe4 O-O 12.Bc3 Qc7 13.Qe2 f6 14.g4 Bf7 15.a4 Rfd8
16.Nh4 g6 17.Rad1 Nc5 18.b3 Ne6 19.Rxd8+ Rxd8 20.Rd1 Nf4 21.Rxd8+ Qxd8 22.Qe1 b5
23.Bf1 a6 24.Nf3 g5 25.Qd2 Qc8 26.Ne1 h5 27.f3 Qb7 28.Kh2 c5 29.Ng2 Nxg2
30.Kxg2 hxg4 31.hxg4 Qc6 32.axb5 axb5 33.Ba5 c4 34.Bb4 Bc5 35.bxc4 bxc4 36.Bxc5 Qxc5
37.c3 Qc7 38.Be2 Kf8 39.Kf1 Ke7 40.Bd1 Qa5 41.Be2 Qa1+ 42.Kg2 Be6 43.Bf1  1/2-1/2

[Event "AUT-chT2O 9596"]
[Site "AUT"]
[Date "1995.??.??"]
[Round "5"]
[White "Eisterer, Heinrich"]
[Black "Blatny, Pavel"]
[Result "1/2-1/2"]
[WhiteElo "2340"]
[BlackElo "2515"]

1.Nf3 d5 2.g3 Bg4 3.Bg2 Nd7 4.c4 c6 5.cxd5 cxd5 6.Qa4 Bxf3 7.Bxf3 Nf6 8.Nc3 e6
9.Qb5 Qc7 10.d4 Bd6 11.Bg5 a6 12.Qd3 h6 13.Bxf6 Nxf6 14.O-O O-O 15.e4 dxe4
16.Nxe4 Be7 17.Rfc1 Qd7 18.Nc5 Bxc5 19.Rxc5 Rfd8 20.Rac1 Ne8 21.Qe3 Qe7 22.d5 e5
23.d6 Nxd6 24.Qxe5 Re8  1/2-1/2

[Event "Avoine op"]
[Site "Avoine"]
[Date "1995.??.??"]
[Round "8"]
[White "Shchekachev, Andrei"]
[Black "Solozhenkin, Evgeniy"]
[Result "0-1"]
[WhiteElo "2465"]
[BlackElo "2480"]

1.Nf3 d5 2.g3 c6 3.Bg2 Bg4 4.d4 Nd7 5.Nbd2 Ngf6 6.O-O e6 7.Re1 Be7 8.e4 O-O
9.c3 Rc8 10.e5 Ne8 11.Nf1 c5 12.h4 cxd4 13.cxd4 Bh5 14.Bd2 Rc6 15.Bh3 Qb6
16.Bc3 f5 17.Ne3 Nc7 18.a4 f4 19.Ng4 Rc4 20.Rc1 Kh8 21.Nd2 Rc6 22.Bf1 Na6
23.Bh3 Nb4 24.Nf1 Na2 25.Ra1 Nxc3 26.bxc3 Rxc3 27.Rb1 Qc7 28.Qd2 Bg6 29.Rec1 Rc4
30.Rxc4 dxc4 31.Rc1 Ba3 32.Re1 a5 33.Qa2 Bb4 34.Rc1 Nb6 35.Nd2 fxg3 36.fxg3 Qd7  0-1

[Event "Wch Seniors"]
[Site "Bad Liebenzell"]
[Date "1995.??.??"]
[Round "7"]
[White "Baumgartner, Heinz"]
[Black "Khasin, Abram"]
[Result "1-0"]
[WhiteElo "2295"]
[BlackElo "2400"]

1.Nf3 d5 2.g3 Nf6 3.Bg2 c6 4.O-O Bf5 5.d3 e6 6.c4 dxc4 7.dxc4 Qxd1 8.Rxd1 Bc5
9.Nc3 Nbd7 10.Nh4 Bc2 11.Rd2 Bg6 12.Nxg6 hxg6 13.Na4 Be7 14.Rd1 Nc5 15.Nxc5 Bxc5
16.b4 Bb6 17.a4 O-O 18.a5 Rad8 19.Rxd8 Bxd8 20.a6 b6 21.Bxc6 Be7 22.Be3 Rb8
23.Bb7 Nd7 24.Rd1 Nf8 25.Bxb6 axb6 26.a7 Rxb7 27.a8=Q Rc7 28.c5 bxc5 29.b5  1-0

[Event "Wch Seniors"]
[Site "Bad Liebenzell"]
[Date "1995.??.??"]
[Round "11"]
[White "Baumgartner, Heinz"]
[Black "Lein, Anatoly"]
[Result "1/2-1/2"]
[WhiteElo "2295"]
[BlackElo "2470"]

1.Nf3 d5 2.g3 c6 3.Bg2 Bg4 4.b3 Nd7 5.Bb2 Ngf6 6.O-O e6 7.d3 Be7 8.Nbd2 O-O
9.h3 Bh5 10.g4 Bg6 11.Nh4 Ne8 12.Nxg6 hxg6 13.f4 f5 14.e4 Nc7 15.Qe2 Bd6
16.e5 Be7 17.g5 Kf7 18.d4 a5 19.a4 Qb8 20.c4 Nb6 21.Rfc1 Qa7 22.c5 Nd7 23.Rc2 b6
24.cxb6 Qxb6 25.Rac1 Nb8 26.Qe3 Nca6 27.Rb1 Ra7 28.Bf1 Nb4 29.Rcc1 Rc7 30.Kg2 Rcc8
31.Be2 Rh8 32.Nf3 Nd7 33.Ne1 Qb7 34.Kg3 c5 35.Bb5 Na2 36.Rc2 cxd4 37.Bxd4 Rxc2
38.Nxc2 Rc8 39.Rb2 Nb4 40.Nxb4 Bxb4 41.Qe2 Nc5 42.Kg2 Rc7 43.h4 Bc3 44.Bxc3 d4+
45.Qf3 Qxf3+ 46.Kxf3 dxc3 47.Rc2 Nxb3 48.Ke3 Ke7 49.Kd3 Nc5+ 50.Kd4 Nb3+
51.Kd3 Nc5+ 52.Kd4 Ne4 53.Bd3 Rb7 54.Bxe4 Rb4+ 55.Kxc3 fxe4 56.Kd2 Kd7 57.Ke3 Rxa4
58.Rd2+ Ke7 59.Rc2 Kd7 60.Rd2+ Ke7 61.Rc2 Ra1 62.Kxe4 a4 63.Rc7+ Kf8 64.Rc8+ Kf7
65.Rc7+ Kg8 66.h5 Kh7 67.h6 a3 68.Rxg7+ Kh8 69.Ra7 a2  1/2-1/2

[Event "Bad Ragaz op"]
[Site "Bad Ragaz"]
[Date "1995.??.??"]
[Round "?"]
[White "Hickl, Joerg"]
[Black "Sofrigin, Alexej"]
[Result "1-0"]
[WhiteElo "2535"]
[BlackElo "2265"]

1.g3 d5 2.Nf3 g6 3.c4 c6 4.Qc2 Bg7 5.Bg2 Nf6 6.b3 O-O 7.Bb2 Bf5 8.d3 Qe8
9.h3 Na6 10.a3 Rd8 11.Nbd2 h6 12.b4 g5 13.Rc1 Qd7 14.Qb1 Rc8 15.Qa1 Ne8 16.Bxg7 Nxg7
17.h4 g4 18.Nd4 Bh7 19.cxd5 cxd5 20.O-O Nb8 21.N4b3 b6 22.Rxc8 Rxc8 23.Qd4 Rd8
24.Rc1 Ne8 25.Qxd5 Qxd5 26.Bxd5 Rxd5 27.Rc8 Kf8 28.Rxb8 Rd7 29.a4 Bf5 30.a5 bxa5
31.Nxa5 Rc7 32.Ndc4 Rc8 33.Rb7 Rc7 34.Kf1 Rxb7 35.Nxb7 Bc8 36.Nc5 Nc7 37.e4 Na6
38.Nxa6 Bxa6 39.Ke2 f6 40.e5 Kf7 41.Ke3 Ke6 42.Kd4 Bb7 43.exf6 exf6 44.Kc5 Bf3
45.d4 Bb7 46.b5 Ba8 47.Na5 Kd7 48.d5  1-0

[Event "Hofmann Cup"]
[Site "Baden-Baden"]
[Date "1995.??.??"]
[Round "2"]
[White "Hug, Werner"]
[Black "Jost, Claude"]
[Result "1/2-1/2"]
[WhiteElo "2470"]
[BlackElo "2305"]

1.Nf3 d5 2.g3 Nf6 3.Bg2 g6 4.O-O Bg7 5.d4 O-O 6.Nbd2 c6 7.c3 Nbd7 8.Re1 Re8
9.e4 e5 10.exd5 Nxd5 11.dxe5 Nxe5 12.Nxe5 Bxe5 13.Nc4 Bg7 14.Rxe8+ Qxe8 15.Nd6 Qe5
16.Bxd5 Qxd5 17.Qxd5 cxd5 18.Nxc8 Rxc8 19.Be3 a6 20.Rd1 Rd8 21.Bd4 Bxd4 22.Rxd4  1/2-1/2

[Event "Hofmann Cup"]
[Site "Baden-Baden"]
[Date "1995.??.??"]
[Round "5"]
[White "Hug, Werner"]
[Black "Jussupow, Artur"]
[Result "1/2-1/2"]
[WhiteElo "2470"]
[BlackElo "2680"]

1.Nf3 d5 2.g3 Nf6 3.Bg2 Bf5 4.c4 e6 5.Qb3 Na6 6.cxd5 exd5 7.O-O Nc5 8.Qd1 Bd6
9.d4 Ncd7 10.Nc3 c6 11.Nh4 Be6 12.f4 Nb6 13.f5 Bd7 14.Bg5 Be7 15.Qd3 O-O
16.Nf3 Ne4 17.Bxe7 Qxe7 18.Ne5 Nxc3 19.bxc3 f6 20.Nxd7 Qxd7 21.a4 Rae8 22.a5 Nc8
23.c4 dxc4 24.Qxc4+ Rf7 25.a6 Nd6 26.Qc5 Rxe2 27.axb7 Nxb7 28.Qc4 Rd2  1/2-1/2

[Event "Baku Cup"]
[Site "Baku"]
[Date "1995.??.??"]
[Round "?"]
[White "Pavlenko, Oleg"]
[Black "Bagirov, Rufat"]
[Result "0-1"]
[WhiteElo "2300"]
[BlackElo "2270"]

1.Nf3 d5 2.g3 c6 3.Bg2 Bg4 4.d3 Nd7 5.Nbd2 Ngf6 6.O-O e6 7.e4 Bd6 8.Re1 Qb6
9.Qe2 Bh5 10.a4 a5 11.b3 O-O 12.Bb2 e5 13.h3 Rfe8 14.g4 Bg6 15.Nh4 Rad8 16.exd5 Nxd5
17.Nc4 Qc7 18.Nxg6 hxg6 19.Nxd6 Qxd6 20.Rad1 f5 21.Qd2 b6 22.Qg5 Rf8 23.c4 Nf4
24.Bxe5 Nxh3+ 25.Bxh3 Nxe5 26.Qf4 fxg4 27.Qxe5 gxh3 28.Qe6+ Qxe6 29.Rxe6 Rf6
30.Re3 Rdf8 31.Rd2 Rf3 32.Rde2 c5 33.Rxf3 Rxf3 34.Re3 h2+ 35.Kxh2 Rxf2+ 36.Kg3 Rb2
37.d4 cxd4 38.Rd3 Kf7 39.Kf4 Kf6 40.Ke4 g5 41.Kxd4 g4 42.c5 bxc5+ 43.Kxc5 Ke5
44.Kb5 Kf4 45.Kxa5 g3 46.b4 g2 47.Rd1 Kf3 48.b5 Kf2 49.Kb6 g1=Q 50.Rxg1 Kxg1
51.a5 Kf2 52.a6 Ke3 53.Kc5 Ra2 54.b6 Ra5+  0-1

[Event "Balatonbereny op"]
[Site "Balatonbereny"]
[Date "1995.??.??"]
[Round "2"]
[White "Vadasz, Laszlo"]
[Black "Arnold, Johannes"]
[Result "1-0"]
[WhiteElo "2350"]
[BlackElo "2250"]

1.Nf3 d5 2.g3 c6 3.Bg2 g6 4.O-O Bg7 5.d4 Nf6 6.c4 dxc4 7.Ne5 Ng4 8.Nf3 b5
9.a4 Bb7 10.Nc3 a6 11.e4 Nf6 12.Qe2 O-O 13.Rd1 e6 14.Bg5 h6 15.Bxf6 Qxf6
16.h4 Nd7 17.Nh2 Qe7 18.h5 g5 19.Ng4 e5 20.d5 cxd5 21.exd5 Qc5 22.Ne3 f5
23.axb5 axb5 24.Rxa8 Bxa8 25.Nxf5 Rxf5 26.Bh3 Rf7 27.Be6 Nf6 28.Qf3 Kf8 29.Bxf7 Kxf7
30.Qf5 Kg8 31.Qe6+ Kh7 32.Qa6 Bxd5 33.Nxd5 Nxd5 34.Qg6+ Kh8 35.Qf7 b4 36.Rxd5 Qf8
37.Qxf8+ Bxf8 38.Rd8 Kg7 39.Rc8 c3 40.bxc3 bxc3 41.Rxc3 Kf6 42.Rf3+ Ke7 43.g4 Bg7
44.Kg2 Ke6 45.Re3 Bf8 46.Re4 Kd5 47.f3 Bc5 48.Ra4 Bd4 49.Ra6 e4 50.Rxh6 e3
51.Kf1 Kc4 52.Ke2  1-0

[Event "Balatonbereny"]
[Site "Balatonbereny"]
[Date "1995.??.??"]
[Round "5"]
[White "Nikolaidis, Ioannis"]
[Black "Gyimesi, Zoltan"]
[Result "1-0"]
[WhiteElo "2540"]
[BlackElo "2525"]

1.Nf3 d5 2.g3 c5 3.Bg2 Nc6 4.O-O e6 5.c4 d4 6.d3 g6 7.e3 Bg7 8.exd4 Nxd4
9.Nxd4 Bxd4 10.Nd2 Ne7 11.Nb3 Nf5 12.Nxd4 Nxd4 13.b4 cxb4 14.Qa4+ Bd7 15.Qxb4 Bc6
16.Bb2 Qd7 17.Qc5 Bxg2 18.Kxg2 Rd8 19.Rae1 b6 20.Qe5 Rg8 21.Qe4 h5 22.h3 Ke7
23.Qh4+ g5 24.Qxh5 Qc6+ 25.Re4 f5 26.Qh7+ Kf6 27.Bxd4+ Rxd4 28.Qxg8 Rxd3
29.f3 fxe4 30.fxe4+ Ke5 31.Qxg5+ Kd4 32.Qf6+ Kc5 33.Qe5+ Kb4 34.Rb1+ Ka4
35.Qb5+ Qxb5 36.cxb5  1-0

[Event "Balatonbereny"]
[Site "Balatonbereny"]
[Date "1995.??.??"]
[Round "6"]
[White "Nikolaidis, Ioannis"]
[Black "Kallai, Gabor"]
[Result "1/2-1/2"]
[WhiteElo "2540"]
[BlackElo "2490"]

1.Nf3 d5 2.g3 c6 3.Bg2 Nf6 4.O-O Bg4 5.b3 e6 6.Bb2 Nbd7 7.d3 a5 8.a3 Bc5
9.Nbd2 O-O 10.e4 b5 11.Qe1  1/2-1/2

[Event "Balatonbereny-B"]
[Site "Balatonbereny"]
[Date "1995.??.??"]
[Round "7"]
[White "Ellers, Holger"]
[Black "Thallinger, Harald"]
[Result "1-0"]
[WhiteElo "2360"]
[BlackElo "2280"]

1.Nf3 d5 2.g3 Nf6 3.Bg2 c6 4.O-O e6 5.d4 Be7 6.c4 O-O 7.Qc2 Ne4 8.Nbd2 f5
9.Ne5 Nd7 10.Nd3 Bf6 11.Nf3 dxc4 12.Nde5 b5 13.b3 c5 14.e3 cxb3 15.Qxb3 Qe8
16.Nd2 Nxe5 17.dxe5 Bxe5 18.Nxe4 fxe4 19.Bxe4 Bxa1 20.Bxa8 b4 21.Be4 Bc3
22.Bb2 c4 23.Qc2 Bxb2 24.Qxb2 Qb5 25.Rc1 Ba6 26.Qd4 Qb8 27.Qc5 b3 28.axb3 cxb3
29.Rb1 Rc8 30.Qh5 h6 31.Qg6 Bc4 32.Qh7+ Kf7 33.Bg6+ Kf6 34.Bh5 Qe5 35.Qg6+ Ke7
36.Qf7+ Kd6 37.Rd1+ Bd5 38.Bf3 Rc7 39.Qf8+ Kc6 40.Qa8+ Rb7 41.Qe8+ Kb6 42.Bxd5 Qxd5
43.Rxd5 exd5 44.Qd8+ Kc6 45.Qc8+ Kb6 46.Qc3 Ka6 47.Kf1 Rb5 48.Qb2 Ka5 49.Ke1 Kb4
50.Qd4+ Ka3 51.Qxa7+ Kb2 52.Qd4+ Ka3 53.Qa1+ Kb4 54.Kd1 Rc5 55.Qd4+ Rc4 56.Qxd5 Rc2
57.Qe4+ Rc4 58.Qe7+ Ka4 59.Qa7+ Kb4 60.Qb7+ Ka3 61.Qa6+ Kb4 62.Qxc4+ Kxc4
63.Kc1 g5 64.g4 Kd3 65.Kb2 Ke4 66.Kxb3 Kf3 67.h3 Kxf2 68.e4 Kg3 69.e5 Kxh3
70.e6 Kxg4 71.e7 h5 72.e8=Q h4 73.Qe3 h3 74.Qf2  1-0

[Event "Baunatal op"]
[Site "Baunatal"]
[Date "1995.??.??"]
[Round "5"]
[White "Koenig, Dietrich"]
[Black "Bartsch, Steffen"]
[Result "1/2-1/2"]
[WhiteElo "2270"]
[BlackElo "2310"]

1.Nf3 d5 2.g3 c6 3.Bg2 Bg4 4.d3 Nf6 5.Nbd2 Nbd7 6.e4 e5 7.h3 Be6 8.Ng5 Qe7
9.Nb3 dxe4 10.Nxe6 Qxe6 11.dxe4 h5 12.h4 Qc4 13.Qe2 Nb6 14.f3 O-O-O  1/2-1/2

[Event "Regionalliga NW9596"]
[Site "Bayern"]
[Date "1995.??.??"]
[Round "?"]
[White "Noell, Thomas"]
[Black "Rippstein, Bernhard"]
[Result "1-0"]
[WhiteElo "1835"]
[BlackElo "1880"]

1.Nf3 d5 2.g3 c5 3.Bg2 Nc6 4.O-O Nf6 5.d3 Bg4 6.h3 Bd7 7.Nbd2 e5 8.e4 dxe4
9.dxe4 Qc7 10.c3 Be7 11.Qe2 O-O 12.Nc4 Rad8 13.Ne3 Qc8 14.Kh2 Nxe4 15.Nd5 Nf6
16.Nxe7+ Nxe7 17.Nxe5 Nc6 18.Nxd7 Qxd7 19.Be3 b6 20.Rad1 Qe6 21.Qa6 Nd5 22.Bg5 f6
23.Rfe1 Qf7 24.Bc1 Ne5 25.f4 Ng6 26.a3 h5 27.c4 Nde7 28.b3 Rxd1 29.Rxd1 Qe6
30.Qxa7 Qe2 31.Qd7 h4 32.g4 f5 33.g5 Qf2 34.Qe6+  1-0

[Event "Regionalliga SO9596"]
[Site "Bayern"]
[Date "1995.??.??"]
[Round "?"]
[White "Rosner, Gerhard"]
[Black "Rohr, Dieter"]
[Result "1-0"]
[WhiteElo "1980"]
[BlackElo "2100"]

1.Nf3 d5 2.g3 c6 3.Bg2 Bg4 4.d3 Nd7 5.O-O e5 6.h3 Bh5 7.Nbd2 Ngf6 8.e4 dxe4
9.dxe4 Bc5 10.c3 O-O 11.b4 Be7 12.Bb2 Qc7 13.Qc2 c5 14.b5 c4 15.Rfe1 a6 16.a4 axb5
17.axb5 Qc5 18.Reb1 Rxa1 19.Bxa1 Ra8 20.Bf1 Nb6 21.Bb2 Ra5 22.Bc1 Rxb5 23.Ba3 Qxa3
24.Rxb5  1-0

[Event "Regionalliga NW9596"]
[Site "Bayern"]
[Date "1995.??.??"]
[Round "?"]
[White "Assmann, Norbert"]
[Black "Neumann, Christoph"]
[Result "1-0"]
[WhiteElo "2055"]
[BlackElo "1850"]

1.Nf3 d5 2.g3 Nf6 3.Bg2 Bg4 4.O-O e6 5.d3 Be7 6.Nbd2 O-O 7.e4 c6 8.e5 Nfd7
9.Qe2 c5 10.h3 Bh5 11.g4 Bg6 12.Nh2 Nc6 13.f4 h6 14.Nhf3 Rc8 15.Re1 b5 16.Nf1 h5
17.Ng3 hxg4 18.hxg4 Nd4 19.Qf2 Qb6 20.c3 Nxf3+ 21.Qxf3 c4+ 22.d4 Bd3 23.g5 g6
24.Kf2 Kg7 25.Bd2 b4 26.Bf1 bxc3 27.Bxc3 Bxf1 28.Rxf1 Bb4 29.Rh1 Rh8 30.Rxh8 Rxh8
31.Rh1 Qa5 32.Rxh8 Kxh8 33.Bxb4 Qxb4 34.Qc3 Qxc3 35.bxc3 Kg7 36.Ke2 Kf8 37.Kd2 Nb6
38.Nf1 Ke7 39.Ne3 Kd7 40.Nc2 Na4 41.Ne1 Kc6 42.Kc2 Kb5 43.Nf3 Kc6 44.Nh4 Kb5
45.f5 exf5 46.Nxf5 Kc6 47.Ne7+ Kd7 48.Nxd5 Ke6 49.Ne3 Nb6 50.Kd2 a6 51.Kc2 Nd7
52.Nxc4 Kf5 53.Nd6+ Ke6 54.Ne4 Nb6 55.Nc5+  1-0

[Event "Regionalliga NW9495"]
[Site "Bayern"]
[Date "1995.??.??"]
[Round "2"]
[White "Angermueller, Oliver"]
[Black "Kuhn, Norbert"]
[Result "1/2-1/2"]
[WhiteElo "2090"]
[BlackElo "2125"]

1.Nf3 d5 2.g3 Nc6 3.c4 d4 4.Bg2 e5 5.d3 Nf6 6.O-O Be7 7.b4 Nxb4 8.Nxe5 O-O
9.Bb2 Re8 10.a3 Na6 11.Nf3 c5 12.h3 Bd6 13.Nbd2 Bd7 14.Re1 Bc6 15.Nf1 Qc7
16.Qd2 Rad8 17.e4 Nb8 18.Nh4 b5 19.cxb5 Bxb5 20.Nf5 Bf8 21.Rac1 Nc6 22.Qg5 Ne5
23.Bxd4 Rxd4 24.Nxd4 Bd7 25.Nf5 Nxd3 26.Nh6+ Kh8 27.Nxf7+ Kg8 28.Nh6+ Kh8
29.e5 Nxc1 30.Rxc1 gxh6 31.Qxf6+ Bg7 32.Qd6 Qxd6 33.exd6 Bd4 34.Ne3 Re6 35.Nc4 Re2
36.Rb1 Kg7 37.Rb7 Kf6 38.Rxd7 Rxf2 39.Kh1 Rc2 40.Bf3 Rxc4 41.Rxa7 Rc1+ 42.Kg2 Rc2+
43.Kh1 Rc1+  1/2-1/2

[Event "Regionalliga SW9495"]
[Site "Bayern"]
[Date "1995.??.??"]
[Round "2"]
[White "Otte, Lars"]
[Black "Folly, Gerhard"]
[Result "1-0"]
[WhiteElo "2110"]
[BlackElo "1980"]

1.Nf3 d5 2.g3 Nf6 3.Bg2 c6 4.O-O Bf5 5.b3 Nbd7 6.Bb2 e6 7.d3 Bc5 8.Nbd2 O-O
9.Qe1 Qe7 10.e4 dxe4 11.dxe4 Bg6 12.a4 Rfd8 13.Nh4 Bh5 14.e5 Ne8 15.Ne4 Bb4
16.c3 Nxe5 17.cxb4 Nd3 18.Qc3 Be2 19.Rfb1 Nxb4 20.Ba3 a5 21.Bxb4 axb4 22.Qe3 Bh5
23.Qc5 Qxc5 24.Nxc5 Rab8 25.Rb2 b6 26.Na6 Rbc8 27.Nxb4 c5 28.Nc6 Rd7 29.Ne5 Rd4
30.Nhf3 Rd5 31.g4 Bg6 32.Nxg6 hxg6 33.Rd2 Nf6 34.Rxd5 exd5 35.g5 Ne4 36.Ne5 Re8
37.Nd7 Re6 38.Bxe4 dxe4 39.a5 bxa5 40.Rxa5 e3 41.Ra8+ Kh7 42.Nf8+  1-0

[Event "Oberliga Bayern9495"]
[Site "Bayern"]
[Date "1995.??.??"]
[Round "4"]
[White "Schindler, Werner"]
[Black "Keller, Manfred"]
[Result "1-0"]
[WhiteElo "2315"]
[BlackElo "2225"]

1.Nf3 d5 2.g3 c5 3.Bg2 Nc6 4.d4 Nf6 5.O-O e6 6.c4 dxc4 7.Qa4 Bd7 8.Qxc4 Rc8
9.dxc5 Na5 10.Qd3 Bxc5 11.Ne5 Nc6 12.Nxd7 Qxd7 13.Qxd7+ Nxd7 14.Nc3 O-O 15.Rd1 Nf6
16.Ne4 Nxe4 17.Bxe4 Rfd8 18.Bg5 f6 19.Bf4 e5 20.Bd2 Rd4 21.Bc2 Rcd8 22.Bc3 Rxd1+
23.Rxd1 Rxd1+ 24.Bxd1 Bd4 25.Bxd4 Nxd4 26.Kg2 f5 27.e3 Nc6 28.Bc2 g6 29.f4 Kf7
30.Kf2 Kf6 31.Bb3 b6 32.a3 Nd8 33.Bd5 Ne6 34.Ke2 Nc7 35.Bc4 b5 36.Ba2 a5
37.Kd3 Na6 38.Bd5 Nc5+ 39.Kc3 Na4+ 40.Kc2 Nb6 41.Bc6 Nc4 42.Bxb5 Nxe3+ 43.Kb3 exf4
44.gxf4 Nd5 45.Ka4 Nxf4 46.Kxa5 Nd5 47.Be2 Ke5 48.a4 Kd6 49.Kb5 g5 50.a5 g4
51.Bd3 f4 52.Bxh7 f3 53.Bd3 f2 54.a6 Kc7 55.Kc5 Ne3 56.b4 f1=Q 57.Bxf1 Nxf1
58.b5 Ne3 59.b6+ Kb8 60.Kc6 Nc4 61.a7+ Ka8 62.b7+ Kxa7 63.Kc7  1-0

[Event "Regionalliga NW9495"]
[Site "Bayern"]
[Date "1995.??.??"]
[Round "6"]
[White "Braun, Siegmund"]
[Black "Neubauer, Jaroslaus"]
[Result "0-1"]
[WhiteElo "1985"]
[BlackElo "2010"]

1.Nf3 d5 2.g3 Nf6 3.Bg2 c6 4.c4 e6 5.b3 Be7 6.Bb2 O-O 7.O-O Nbd7 8.d3 Qc7
9.Nbd2 b6 10.Rc1 Bb7 11.cxd5 exd5 12.Nd4 Rac8 13.Nf5 Rfe8 14.Nxe7+ Rxe7 15.d4 Qd6
16.e3 Ba6 17.Re1 Bd3 18.Rc3 Bf5 19.Qc1 Ree8 20.Ba3 Qe6 21.Qd1 c5 22.dxc5 Nxc5
23.Bxc5 bxc5 24.Qc1 Qb6 25.Rd1 Bg4 26.Nf3 Ne4 27.Rcd3 Qf6 28.Rxd5 Bxf3 29.Bxf3 Qxf3
30.Qc2 Rc6 31.Rd7 Rf6 32.Rxa7  0-1